| 000 | 00759cac a2200229 a 4500 | ||
|---|---|---|---|
| 003 | CO-PeBPM | ||
| 005 | 20251021114232.0 | ||
| 008 | 231129e1984||||xx |||||||||||||| ||spa|| | ||
| 020 | _a9681616227 | ||
| 040 | 0 |
_aCO-PeBPM _bspa _cCO-PeBPM _erda |
|
| 041 | 0 | _aspa | |
| 082 | 0 | 4 | _a302.2 S642p |
| 100 | 1 |
_aSmith, Anthony _eautor |
|
| 245 | 1 | 0 |
_aLa politica de la información _b: Problemas de política en los medios de información modernos _cAnthony Smith |
| 250 | _aPrimera Edición | ||
| 260 |
_aMéxico _bFondo de Cultura Económica _c1984 |
||
| 300 |
_a382 Páginas _c; 17 Centímetros |
||
| 490 | _aPara Suzie | ||
| 500 | _aIncluye índice | ||
| 700 |
_aMercedes Córdoba y Magro _eTraductora |
||
| 942 |
_2ddc _cBK |
||
| 999 |
_c17967 _d17967 |
||